000 00515nam a2200193 a 4500
001 5821
003 CO-ViMGA
008 141112s2004 ck r 000 u spa d
020 _a958350114X
040 _aCO-ViMGA
_bspa
_cCO-ViMGA
082 0 4 _a346.04 S817
100 1 _aSuárez Franco, Roberto
_94350
245 1 0 _aEl patrimonio de familia
260 _aSantafé de Bogotá :
_bTemis,
_c1996
300 _a55 p
490 _aMonografías jurídicas, 94
650 1 4 _aPATRIMONIO DE FAMILIA
_94351
942 _2ddc
_cBK
999 _c17799
_d17799